|
|
|
|
| LEADER |
03005nam a2200445 4500 |
| 001 |
978-981-13-0002-8 |
| 003 |
DE-He213 |
| 005 |
20191026092259.0 |
| 007 |
cr nn 008mamaa |
| 008 |
180531s2018 si | s |||| 0|eng d |
| 020 |
|
|
|a 9789811300028
|9 978-981-13-0002-8
|
| 024 |
7 |
|
|a 10.1007/978-981-13-0002-8
|2 doi
|
| 040 |
|
|
|d GrThAP
|
| 050 |
|
4 |
|a QP34-38
|
| 072 |
|
7 |
|a MFG
|2 bicssc
|
| 072 |
|
7 |
|a MED075000
|2 bisacsh
|
| 072 |
|
7 |
|a MFG
|2 thema
|
| 082 |
0 |
4 |
|a 612
|2 23
|
| 245 |
1 |
0 |
|a Glucose-sensing Receptor in Pancreatic Beta-cells
|h [electronic resource] /
|c edited by Itaru Kojima.
|
| 250 |
|
|
|a 1st ed. 2018.
|
| 264 |
|
1 |
|a Singapore :
|b Springer Singapore :
|b Imprint: Springer,
|c 2018.
|
| 300 |
|
|
|a V, 71 p. 15 illus., 7 illus. in color.
|b online resource.
|
| 336 |
|
|
|a text
|b txt
|2 rdacontent
|
| 337 |
|
|
|a computer
|b c
|2 rdamedia
|
| 338 |
|
|
|a online resource
|b cr
|2 rdacarrier
|
| 347 |
|
|
|a text file
|b PDF
|2 rda
|
| 505 |
0 |
|
|a 1 HISTORY OF THE RESEARCH ON THE GLUCOSE RECEPTOR -- 2 Cell-surface Glucoreceptor Recognizing Anomers of Glucose in Pancreatic b-cells -- 3 KATP CHANNEL-INDEPENDENT PATHWAY and THE GLUCORECEPTOR -- 4 Signaling System Activated by the Glucose-sensing Receptor -- 5 The Role of the Glucose-sensing Receptor in Glucose-induced Insulin Secretion in Pancreatic b-cells.
|
| 520 |
|
|
|a Since the 1970s, there has been much discussion about the "glucoreceptor" and "substrate site" and which of these two is the dominant theory, but new findings on the glucose-sensing receptor have now shed new light on the "glucoreceptor theory." This volume reviews recent advances concerning the glucose-sensing receptor in pancreatic beta-cells. The history of research into pancreatic beta-cells is long and complex; accordingly, the first chapters present the history of this field and explain the hypothesis of insulin secretion mechanisms: "glucoreceptor theory". Subsequent chapters examine the function and activity of the glucose-sensing receptor in pancreatic beta-cells, such as identification, channel pathway, receptor signal and physiological role. Readers will gain a thorough understanding of the glucose-sensing receptor and glucose metabolism in pancreatic beta-cells, new insights into the pathophysiology of diabetes, and learn about new targets for the treatment of diabetes. .
|
| 650 |
|
0 |
|a Human physiology.
|
| 650 |
|
0 |
|a Endocrinology .
|
| 650 |
1 |
4 |
|a Human Physiology.
|0 http://scigraph.springernature.com/things/product-market-codes/B13004
|
| 650 |
2 |
4 |
|a Endocrinology.
|0 http://scigraph.springernature.com/things/product-market-codes/H33053
|
| 700 |
1 |
|
|a Kojima, Itaru.
|e editor.
|4 edt
|4 http://id.loc.gov/vocabulary/relators/edt
|
| 710 |
2 |
|
|a SpringerLink (Online service)
|
| 773 |
0 |
|
|t Springer eBooks
|
| 776 |
0 |
8 |
|i Printed edition:
|z 9789811300011
|
| 776 |
0 |
8 |
|i Printed edition:
|z 9789811300035
|
| 856 |
4 |
0 |
|u https://doi.org/10.1007/978-981-13-0002-8
|z Full Text via HEAL-Link
|
| 912 |
|
|
|a ZDB-2-SBL
|
| 950 |
|
|
|a Biomedical and Life Sciences (Springer-11642)
|